Pokemon der Arenaleiter Kalos - Statistiken

Allgemein
  • Dieses Quiz wurde 65 mal gespielt
  • Das Durchschnittsergebnis liegt bei 18 aus 22
Antwortstatistiken
Hint Pokemon % Korrekt
Vivillon
94%
Lino Amarino
92%
Resladero
92%
Balgoras
88%
Feelinara
88%
Psiaugon
88%
Chevrumm
86%
Viola Gehweiher
86%
Arktilas
84%
Elezard
84%
Magneton
82%
Maschock
82%
Valerie Flunkifer
80%
Amaro Papungha
78%
Galantho Rexblisar
76%
Ultrigaria
76%
Citro Emolga
75%
Connie Lin-Fu
71%
Pantimos
71%
Frigometri
69%
Astrid Symvolara
65%
Laschoking
57%
Keine übereinstimmenden Quizze gefunden
Verteilung der Resultate
Anzahl Personen mit jedem Resultat
Perzentil nach korrekt beantworteten Fragen
Ihre Resultats-Entwicklung
Sie haben dieses Quiz noch nicht gespielt